000 00741cam a22002533a 4500
001 3932
003 PGUSA
005 20140828083040.0
008 030401s2003||||xxu|||||s|||||000 1 eng d
040 _aPGUSA
_beng
042 _adc
050 4 _aPQ
100 1 _aMassa, Philippe, marquis de,
_d1831-1911
245 1 0 _aZibeline — Volume 2
_h[electronic resource] /
_cPhilippe, marquis de Massa
260 _bProject Gutenberg,
_c2003
506 _aPublic domain in the USA.
516 _aElectronic text
653 _aParis (France) -- Fiction
653 _aHeroines -- Fiction
700 1 _aRanous, Dora Knowlton,
_d1859-1916
830 0 _aProject Gutenberg
_v3932
856 4 0 _uhttp://www.gutenberg.org/ebooks/3932
942 _cEB
999 _c233261
_d233261